Estudio económico de América Latina y el Caribe. Dinámica y desafíos de la inversión para impulsar una recuperación sostenible e inclusiva.
Salvato in:
| Ente Autore: | |
|---|---|
| Natura: | Libro |
| Lingua: | spagnolo |
| Pubblicazione: |
Santiago, Chile:
Naciones Unidas,
2022.
|
| Soggetti: | |
| Accesso online: | Disponible Online - CEPAL |
| Tags: |
Aggiungi Tag
Nessun Tag, puoi essere il primo ad aggiungerne!!
|
MARC
| LEADER | 00000cam a2200000 a 4500 | ||
|---|---|---|---|
| 001 | UCC9376 | ||
| 003 | CL-VaPUC | ||
| 005 | 20230504115422.0 | ||
| 008 | 190927e20190000cl |||||||||||||||||spa|d | ||
| 999 | |c 440594 |d 440592 | ||
| 020 | |a 978-92-1-122087-2 | ||
| 040 | |c Pontificia Universidad Católica de Valparaíso | ||
| 082 | 0 | 4 | |a 330.98 NAC 2022 |2 21 |
| 110 | 1 | |a Naciones Unidas. |e autor |9 719871 |b Comisión Económica para América Latina y el Caribe | |
| 245 | 1 | 0 | |a Estudio económico de América Latina y el Caribe. |b Dinámica y desafíos de la inversión para impulsar una recuperación sostenible e inclusiva. |
| 260 | |a Santiago, Chile: |b Naciones Unidas, |c 2022. | ||
| 300 | |a 266 páginas | ||
| 500 | |a c.1-2. Donación Cepal. Abril 2023. | ||
| 583 | |a last modification |c 20190927 15:31:00 |k Catalogador Asistente | ||
| 650 | 1 | |a Desarrollo económico |x Economía mundial |x Política económica |z América Latina |z El Caribe |9 867656 | |
| 650 | 1 | |a Desarrollo económico |z America Latina |z El Caribe |9 867657 | |
| 856 | |u https://repositorio.cepal.org/bitstream/handle/11362/48077/S2201058_es.pdf?sequence=4&isAllowed=y |y Disponible Online - CEPAL | ||
| 942 | |c BK |2 ddc | ||
| 952 | |0 0 |1 0 |2 ddc |4 0 |6 330_980000000000000_NAC_2022 |7 0 |8 A |9 589752 |a BIBGIM |b BIBGIM |d 2023-04-21 |e Donación |i 5657251 |o 330.98 NAC 2022 |p 5657251 |r 2025-01-15 |t 1 |w 2023-04-21 |y BK |k GIM | ||
| 952 | |0 0 |1 0 |2 ddc |4 0 |6 330_980000000000000_NAC_2022 |7 0 |8 A |9 589753 |a BIBENE |b BIBENE |d 2023-04-21 |e Donación |i 5657252 |o 330.98 NAC 2022 |p 5657252 |r 2025-01-15 |t 2 |w 2023-04-21 |y BK |k ICO | ||